|
|
|
|
| LEADER |
00000nab a2200000uu 4500 |
| 001 |
vtls010901869 |
| 003 |
SK-MaSNL |
| 005 |
20260303142440.0 |
| 008 |
230222|2006 xo |||||||||||||||||slo| |
| 015 |
|
|
|a SNBRB
|
| 035 |
|
|
|a (urnnbn)urn:nbn:sk:snk:ar-a07njs
|
| 035 |
|
|
|a (uuid)630981ef-0a84-4887-ae1a-729f5968372e
|
| 035 |
|
|
|a urn:nbn:sk:snk-ab8t9g
|
| 040 |
|
|
|a SNKBUCL
|b slo
|c SNKBUCL
|e AACR2
|
| 041 |
0 |
|
|a slo
|
| 044 |
|
|
|a xo
|c SK
|
| 100 |
1 |
|
|a Strelcová, Dajana
|4 aut
|9 1069140
|
| 245 |
1 |
0 |
|a ČIASTKOVÉ OSLABENIA VÝKONOV A ICH MOŽNOSTI V DIAGNOSTICKOM SPEKTRE
|c Dajana Strelcová, Peter Figula
|
| 700 |
1 |
|
|a Figula, Peter
|4 aut
|9 1064277
|
| 773 |
0 |
|
|t Prevencia : informačný bulletin zameraný na prevenciu sociálno-patologických javov v rezorte školstva
|g Roč. 5, č. 4 (2006), s. 52-59
|
| 954 |
|
|
|a odborná, vedecká literatúra pôvodná (slovenská)
|2 lita
|
| 958 |
|
|
|a OND
|
| 958 |
|
|
|a EUIPO
|
| 958 |
|
|
|a article10
|
| 999 |
|
|
|c 1982980
|d 1984910
|